Retailing
Guardat en:
| Autor principal: | |
|---|---|
| Format: | Llibre |
| Idioma: | anglès |
| Publicat: |
College Publishers
2002
|
| Etiquetes: |
Afegir etiqueta
Sense etiquetes, Sigues el primer a etiquetar aquest registre!
|
MARC
| LEADER | 00000nam a22000007a 4500 | ||
|---|---|---|---|
| 008 | 201218b ||||| |||| 00| 0 eng d | ||
| 020 | |a : 0-03-032696-6 | ||
| 100 | |a DUNNE, Patrick M. |a Lusch, Robert F |a Griffith, David A | ||
| 245 | |a Retailing |c Patrick M. Dunne, Robert F. Lusch [and] David A. Griffith. | ||
| 250 | |b 4th ed | ||
| 260 | |b College Publishers |c 2002 |d Books |h Orlando |i 688377 |l HF5429 .D91 |m Retail trade | ||
| 942 | |a lcc |c BK |e Adekanye I. H. |f 18/12/2020 | ||
| 952 | |0 0 |1 0 |2 lcc |4 0 |6 HF5429 D91 |7 0 |9 967 |a HOL |b HOL |c GJ |d 2020-12-18 |l 0 |o HF5429 .D91 |p 2020-230193 |r 2020-12-18 00:00:00 |w 2020-12-18 |y BK | ||
| 999 | |c 495 |d 495 | ||